Pokémon-Les musées - Statistiques

Statistiques générales
  • Ce quiz a été pris 6 fois
  • Le résultat moyen est 4 sur 6
Statistiques - réponses
Localisation Nom du musée % Correct
Hoenn Musée Océanographique de Poivressel
100%
Unys Musée de Maillard
80%
Kanto Musée des Sciences d'Argenta
80%
Hoenn Musée de Nénucrique
60%
Kalos Musée d'Illumis
60%
Sinnoh Musée Minier de Charbourg
40%
Aucun quiz correspondant
Distribution des résultats
% des personnes avec chaque résultat
Percentile par nombre de réponses
Votre historique - résultats
Vous n’avez pas pris ce quiz